WrestleMania 42 Match Card - Statistics

General Stats
  • This quiz has been taken 46 times
  • The average score is 36 of 40
Answer Stats
Match Answer % Correct
Unsanctioned Match Jacob Fatu
100%
3on3 Tag Team Match Austin Theory
97%
Unsanctioned Match Drew McIntyre
97%
3on3 Tag Team Match iShowSpeed
97%
3on3 Tag Team Match Jey Uso
97%
3on3 Tag Team Match Jimmy Uso
97%
3on3 Tag Team Match LA Knight
97%
3on3 Tag Team Match Logan Paul
97%
Women's Intercontinental Championship AJ Lee
95%
WWE Championship Cody Rhodes
95%
Street Fight Dominik Mysterio
95%
Intercontinental Championship Dragon Lee
95%
WWE Championship Randy Orton
95%
Intercontinental Championship Rey Mysterio
95%
Intercontinental Championship Rusev
95%
Women's Intercontinental Championship Becky Lynch
92%
World Heavyweight Championship CM Punk
92%
SmackDown Women's Championship Rhea Ripley
92%
World Heavyweight Championship Roman Reigns
92%
United States Championship Trick Williams
92%
Women's Tag Team Championships Brie Bella
89%
Street Fight "Demon" Finn Balor
89%
SmackDown Women's Championship Jade Cargill
89%
Intercontinental Championship Je'Von Evans
89%
RAW Women's World Championship Liv Morgan
89%
Women's Tag Team Championships Paige
89%
Intercontinental Championship Penta
89%
United States Championship Sami Zayn
89%
Women's Tag Team Championships Alexa Bliss
86%
1 on 1 Match Saturday Seth Rollins
86%
RAW Women's World Championship Stephanie Vaquer
86%
1 on 1 Match Sunday Brock Lesnar
84%
Women's Tag Team Championships Charlotte Flair
84%
1 on 1 Match Saturday Gunther
84%
Women's Tag Team Championships Nia Jax
84%
1 on 1 Match Sunday Oba Femi
84%
Women's Tag Team Championships Bayley
81%
Intercontinental Championship JD McDonagh
81%
Women's Tag Team Championships Lash Legend
81%
Women's Tag Team Championships Lyra Valkyria
78%
No matching quizzes found
Score Distribution
Percent of People with Each Score
Percentile by Number Answered
Your Score History
You have not taken this quiz